Advanced gas cooling study for the hospital at Davis-Monthan AFB, AZ /

Bibliographic Details
Main Author: Caponegro, Michael A.
Corporate Author: Construction Engineering Research Laboratories (U.S.)
Other Authors: Brown, William T., Pedersen, Timothy W.
Format: Government Document Microform Book
Language:English
Published: [Champaign, Ill.] : US Army Corps of Engineers, Construction Engineering Research Laboratories ; [1999]
Series:USACERL technical report ; 99/24.
Subjects:
Online Access:PURL accesses list of CERL technical reports from which a link may be made to the title desired

MARC

Tag First Indicator Second Indicator Subfields
LEADER 00000cam a2200000 a 4500
001 in00000004140
007 he bmb024baca
008 990503e199901 ilua bt f000 0 eng d
005 20230309222525.3
035 |a (OCoLC)ocm42414895 
035 |9 AJG6601AM 
035 |a in00000004140 
040 |d GPO  |d DLC  |d MvI  |d UtOrBLW 
043 |a n-us-az 
049 |a UMIC  |a WWW 
074 |a 0335-A (MF) 
074 |a 0335-A (online) 
086 0 |a D 103.53:99/24 
100 1 |a Caponegro, Michael A. 
245 1 0 |a Advanced gas cooling study for the hospital at Davis-Monthan AFB, AZ /  |c by Michael A. Caponegro, William T. Brown, III, Timothy W. Pedersen. 
264 1 |a [Champaign, Ill.] :  |b US Army Corps of Engineers, Construction Engineering Research Laboratories ;  |c [1999] 
264 2 |a [Springfield, Va.] :  |b [National Technical Information Service, distributor], 
300 |a 146 pages :  |b illustrations ;  |c 28 cm. 
336 |a text  |b txt  |2 rdacontent 
337 |a microform  |b h  |2 rdamedia 
338 |a microfiche  |b he  |2 rdacarrier 
490 1 |a USACERL technical report ;  |v 99/24 
500 |a Shipping List #: 99-0397-M 
500 |a Shipping List Date: 04/23/99 
513 |a Final. 
500 |a Shipping list number: 99-0397-M. 
500 |a "January 1999." 
536 |a Tyndall AFB.  |d N94-92,  |d WL4. 
533 |a Microfiche.  |b [Washington, D.C.] :  |c Supt. of Docs., U.S. G.P.O.,  |d [1999]  |e 3 microfiches : negative. 
530 |a Also available via Internet from the Construction Engineering Research Laboratories web site. Addresses as of 1/19/2000: http://owww.cecer.army.mil/techreports/ped%5FGaCo/Ped%5FGaCo.ULI.post.PDF (PDF version), http://owww.cecer.army.mil/techreports/ped%5FGaCo/Ped%5FGaCo.ULI.htm (hypertext version); current access is available via PURL. 
500 |a Microform. 
650 0 |a Gas air conditioning  |z Arizona. 
650 0 |a Energy conservation  |z Arizona. 
651 0 |a Davis-Monthan Air Force Base (Ariz.) 
700 1 |a Brown, William T. 
700 1 |a Pedersen, Timothy W. 
710 2 |a Construction Engineering Research Laboratories (U.S.) 
830 0 |a USACERL technical report ;  |v 99/24. 
856 4 1 |u https://purl.fdlp.gov/GPO/LPS2941  |z PURL accesses list of CERL technical reports from which a link may be made to the title desired  |t 0 
999 |a MARS 
999 f f |i a5e2705a-d6a9-3307-a97c-33779fc60816  |s 6f6c4dea-571c-30a9-b440-0452d0a2d41b  |t 0 
952 f f |p normal  |a Texas A&M University  |b College Station  |c Sterling C. Evans Library  |d Evans: US Documents Microfiche (3rd floor)  |t 0  |e D 103.53:99/24  |h Superintendent of Documents classification  |i microform -- microfiche  |m A14824490800 
952 f f |a Texas A&M University  |b College Station  |c Electronic Resources  |d Available Online  |t 0  |e D 103.53:99/24  |h Superintendent of Documents classification 
998 f f |a D 103.53:99/24  |t 0  |l Evans: US Documents Microfiche (3rd floor) 
998 f f |a D 103.53:99/24  |t 0  |l Available Online